| 000 | 00706nam a22001937a 4500 | ||
|---|---|---|---|
| 008 | 171020b xxu||||| |||| 00| 0 eng d | ||
| 020 | _a9789350096826 | ||
| 035 | _aB-680574 | ||
| 037 | _bPansy Books | ||
| 040 |
_adpl _ben |
||
| 082 | _aN | ||
| 100 | _aStrange, Oliver | ||
| 245 |
_aSudden/ _cby Oliver Strange |
||
| 260 |
_aGurgaon _bHachette Book Publishing _c2013 |
||
| 270 |
_a4th &5th Floors, Corporate Centre, Plot No. 94, Sector44 _bGurgaon _e122003 |
||
| 300 |
_a322p _c18cm(pbk) |
||
| 942 |
_2ddc _cEN _hN _mSTR |
||
| 999 |
_c146744 _d146744 |
||